• 首页
  • 本馆介绍
  • 公告通知
  • 最新文献
  • 馆藏检索
  • 电子资源
  • 读者导购
  • 参考咨询
  • 我的图书馆
  • 登录
  • 详细信息显示
  • 放入我的书架
  • 预约/预借图书
  • 作者相关作品
  • 分类相关作品
  • 丛书相关作品
  • 出版社相关作品

书目信息

  • 表格格式
  • 工作单格式
  • 卡片格式
题名:
细胞工程学
    
 
作者: 李志勇 编著
分册:  
出版信息: 北京   高等教育出版社  2018
页数: 345页
开本: 26cm
丛书名:
单 册:
中图分类: Q813
科图分类:
主题词: 细胞工程--高等教育--教材 , 细胞工程
电子资源:
ISBN: 978-7-04-024270-6
000 00962nam0 2200277 45
001 012001005099
005 20140101103900.0
010    @a978-7-04-024270-6@dCNY32.00
100    @a20080924d2008 em y0chiy50 ea
101 0  @achi
102    @aCN@b110000
105    @aa z 001yy
106    @ar
200 1  @a细胞工程学@9xi bao gong cheng xue@dCell engineering@f李志勇编著@zeng
210    @a北京@c高等教育出版社@d2018
215    @a345页@c图@d26cm
300    @a普通高等教育“十一五”国家级规划教材
300    @a并列题名:Cell engineering
330    @a本书以细胞工程应用为主线进行编写,从优良动植物的人工繁殖、新品种培育、细胞工程生物制品、细胞疗法与组织修复4个方面,全面、系统地介绍细胞工程的理论与技术知识。
510 1  @aCell engineering@zeng
606 0  @a细胞工程@x高等教育@j教材
606 0  @a细胞工程
690    @aQ813@v4
701  0 @a李志勇@9li zhi yong@f(1969.1~)@4编著
801  0 @aCN@b江苏凤凰@c20191020
905    @b1207344-6@dQ813@e252@f3
    
    细胞工程学=Cell engineering/李志勇编著.-北京:高等教育出版社,2018
    345页:图;26cm
    普通高等教育“十一五”国家级规划教材.-并列题名:Cell engineering
    
    ISBN 978-7-04-024270-6:CNY32.00
    本书以细胞工程应用为主线进行编写,从优良动植物的人工繁殖、新品种培育、细胞工程生物制品、细胞疗法与组织修复4个方面,全面、系统地介绍细胞工程的理论与技术知识。
●
相关链接 在E读中查询图书 在五车中查询图书 在当当中查询图书 在豆瓣中查询图书


正题名:细胞工程学     索取号:Q813/252         预约/预借

序号 登录号 条形码 馆藏地/架位号 状态 备注
1 1207344   212073441   第二样本阅览室/ [索取号:Q813/252] 在馆    
2 1207345   212073450   第三借阅区/ [索取号:Q813/252] 在馆    
3 1207346   212073469   第三借阅区/ [索取号:Q813/252] 在馆    
唐山师范学院图书馆 欢迎您!
大连网信软件有限公司© 版权所有